书目信息 |
| 题名: |
卡通动物图集
|
|
| 作者: | 徐永菊 , 陈长高 编绘 | |
| 分册: | ||
| 出版信息: | 北京 金盾出版社 2004.12 |
|
| 页数: | 320页 | |
| 开本: | 26cm | |
| 丛书名: | ||
| 单 册: | ||
| 中图分类: | J228.7 | |
| 科图分类: | ||
| 主题词: | 绘画--中国 | |
| 电子资源: | ||
| ISBN: | 7-5082-3255-0 | |
| 000 | 00607nam0 2200205 450 | |
| 001 | 0553342950 | |
| 005 | 20050617094653.28 | |
| 010 | @a7-5082-3255-0@dCNY 32.00 | |
| 100 | @a20050608d2004 km y0chiy0120 ea | |
| 101 | 0 | @achi |
| 102 | @aCN@b110000 | |
| 200 | 1 | @a卡通动物图集@Aka tong dong wu tu ji@f徐永菊,陈长高编绘@Fxu yong ju,chen chang gao bian hui |
| 210 | @a北京@c金盾出版社@d2004.12 | |
| 215 | @a320页@d26cm | |
| 606 | 0 | @a绘画@x中国 |
| 690 | @aJ228.7@v4 | |
| 701 | 0 | @a徐永菊@Axu yong ju@4编绘 |
| 701 | 0 | @a陈长高@Achen chang gao@4编绘 |
| 801 | 0 | @aCN@bPFT@c20050617 |
| 905 | @a10447@dJ228.7@eX8301 | |
| 卡通动物图集/徐永菊,陈长高编绘.-北京:金盾出版社,2004.12 |
| 320页;26cm |
| ISBN 7-5082-3255-0:CNY 32.00 |
| ● |
| 相关链接 |
|
|
|
正题名:卡通动物图集
索取号:J228.7/X8301
 
预约/预借
| 序号 | 登录号 | 条形码 | 馆藏地/架位号 | 状态 | 备注 |
| 1 | 536363 | 205363630 | 社科库309/ [索取号:J228.7/X8301] | 在馆 | |
| 2 | 536364 | 205363649 | 社科库309/309社科库 77排4列2层/ [索取号:J228.7/X8301] | 在馆 |